| 000 | 00708nam a2200229 4500 | ||
|---|---|---|---|
| 003 | OSt | ||
| 005 | 20240719062656.0 | ||
| 006 | a | ||
| 008 | 240719b |||||||| |||| 00| 0 eng d | ||
| 020 | _a9781599182551 | ||
| 040 |
_aDWCL-Main lib. _cOC |
||
| 082 | _aCirc. 664 K49f 2009 | ||
| 100 | _aKimball, Cheryl | ||
| 245 | _a55 surefire food-related businesses you can start for under $5000 / | ||
| 260 |
_aUSA : _bEntrepreneur Press, _cc2009. |
||
| 300 |
_aviii, _b248 p. ; _c23 cm. |
||
| 504 | _aIncludes index. | ||
| 650 | _a1. Food industry and trade-Management. | ||
| 650 | _a2. New business enterprises-Management. | ||
| 650 | _a3. Small business-Management. | ||
| 942 |
_2ddc _n0 _cBK-CIRC _kCirc. |
||
| 999 |
_c2446 _d2446 |
||